00911nam a2200253Ia 4500008004100000020002200041050001500063050001400078100002400092245003800116245014900154245007200303260001500375260002000390260000900410300001600419300002600435300001100461650001500472650001300487650002600500999001900526952011200545160819s9999 xx 000 0 und d a978-0-8212-5718-0 aCUL TX 714 b.D67 2006 aDornenburg, Andrew. aWhat to drink with what you eat : bthe definitive guide to pairing food with wine, beer, sprits, coffee, tea - even water - based on expert advice from America's best sommeliers / cAndrew Dornenburg and Karen Page; photographs by Michael Sofronski. aNew York : bBulfinch Press, c2006 a356 pages : bcolor illustrations ; c26 cm. aBeverages. aCookery. xWine and wine making. c300659d300659 001040aSMCbSMCcCULd2008-01-10l0oCUL TX 714 .D67 2006pSMC04040r2016-08-19 00:00:00w2016-08-19yBK